Na mene záleží
Zmeny značiek, názvov bánk SR pod vplyvom vstupu strategických zahraničných partnerov do väčšiny bánk na Slovensku. Vnútorné zmeny v bankách. Rebranding a repozicioning bánk. TOP 10 bánk podľa objemov reklamy v médiách 2001. VÚB a snaha byť jednotkou na trhu.
Guardado en:
| Autor principal: | |
|---|---|
| Otros Autores: | |
| Formato: | Capítulo de libro |
| Lenguaje: | eslovaco |
| Materias: | |
| Etiquetas: |
Sin Etiquetas, Sea el primero en etiquetar este registro!
|
MARC
| LEADER | 00000naa a2200000 4500 | ||
|---|---|---|---|
| 001 | r047576 | ||
| 005 | 20231003075930.0 | ||
| 041 | 0 | |a slo | |
| 044 | |a SK | ||
| 245 | 1 | 0 | |a Na mene záleží |c Renata Môciková, Ivana Šimlovičová |
| 520 | |a Zmeny značiek, názvov bánk SR pod vplyvom vstupu strategických zahraničných partnerov do väčšiny bánk na Slovensku. Vnútorné zmeny v bankách. Rebranding a repozicioning bánk. TOP 10 bánk podľa objemov reklamy v médiách 2001. VÚB a snaha byť jednotkou na trhu. | ||
| 610 | 2 | 0 | |a banky |
| 610 | 2 | 0 | |a marketing |
| 610 | 2 | 0 | |a reklama |
| 610 | 2 | 0 | |a služby bankové |
| 610 | 2 | 0 | |a ceny |
| 610 | 2 | 0 | |a Slovensko |
| 100 | 1 | |a Môciková, Renata | |
| 700 | 1 | |a Šimlovičová, Ivana | |